| 000 | 00000nam##2200000za#4500 |
| 001 | 9.647512 |
| 003 | CaOODSP |
| 005 | 20200401075004 |
| 007 | ta |
| 008 | 150407|2000||||xxc||||| f|0| 0 eng|d |
| 020 | |a0-662-28287-6 |
| 040 | |aCaOODSP|beng |
| 043 | |an-cn--- |
| 086 | 1 |aH39-517/2-1999E |
| 110 | 1 |aCanada.|bHealth Canada. |bHealth Promotion and Programs Branch. |
| 245 | 10|aHow to get the most from a visit to your doctor : |bpatient's guide - it helps to talk |
| 260 | |aOttawa - Ontario : |bHealth Canada. |c2000. |
| 563 | |aPamphlet |
| 590 | |a00-42|b2000-10-20 |
| 690 | 07|aHealth promotion|2gcpds |
| 775 | 08|tComment obtenir le maximum d'une visite chez le médecin : |w(CaOODSP)9.680930 |
| 776 | 0#|tIt helps to talk : |w(CaOODSP)9.695847 |